Top 10 Joint Goal Contributions with Vardy - Statistics

General Stats
  • This quiz has been taken 4 times
  • The average score is 5 of 10
Answer Stats
Hint Answer Joint Goal Contributions % Correct
Leicester City Marc Albrighton 14
100%
Leicester City Riyadh Mahrez 22
100%
Leicester City Danny Drinkwater 10
75%
Leicester City Harvey Barnes 17
75%
Leicester City James Maddison 17
50%
Leicester City Kelechi Iheanacho 13
50%
Leicester City Shinji Okazaki 6
50%
Leicester City Youri Tielemans 8
25%
Fleetwood Town Andy Mangan 12
0%
Leicester City David Nugent 19
0%
No matching quizzes found
Score Distribution
Percent of People with Each Score
Percentile by Number Answered
Your Score History
You have not taken this quiz